[Event "SVK ECo-C Extraliga 2018-19"]
[Site "Slovakia"]
[Date "2019.04.12"]
[Round "9.5"]
[White "Szegi, Tamas"]
[Black "Vass, Frantisek"]
[Result "1-0"]
[WhiteElo "2195"]
[BlackElo "2314"]
[Annotator "NA"]
[PlyCount "83"]
[EventDate "2018.11.10"]
[EventType "team-tourn"]
[EventCountry "SVK"]
[SourceTitle "playchess.com"]
[Source "ChessBase"]
[SourceQuality "1"]
[WhiteTeam "Komarno"]
[BlackTeam "Podhajska"]
[TimeControl "40/5400+30:1800+30"]

1. e4 {[%emt 0:00:00]} e6 {[%emt 0:00:07]} 2. d4 {[%emt 0:00:00]} d5 {[%emt 0:00:04]} 3. e5 {[%emt 0:00:00]} c5 {[%emt 0:00:06]} 4. c3 {[%emt 0:00:00]} Bd7 {[%emt 0:00:25]} 5. Nf3 {[%emt 0:04:13]} Qb6 {[%emt 0:00:09]} 6. Be2 {[%emt 0:00:27]} Bb5 {[%emt 0:00:09]} 7. c4 {[%emt 0:00:08]} Bxc4 {[%emt 0:07:44]} 8. Bxc4 {[%emt 0:00:18]} Qb4+ {[%emt 0:00:21]} 9. Nbd2 {[%emt 0:00:05]} dxc4 {[%emt 0:00:05]} 10. a3 {[%emt 0:00:05]} Qa5 {[%emt 0:01:03]} 11. O-O {[%emt 0:02:00]} Qa6 {[%emt 0:04:49]} 12. dxc5 {[%emt 0:13:41]} Nd7 {[%emt 0:00:40]} 13. Qe2 {[%emt 0:07:39]} Bxc5 {[%emt 0:04:31]} 14. Nxc4 {[%emt 0:06:12]} b5 {[%emt 0:00:44]} 15. Ncd2 {[%emt 0:11:20]} Ne7 $16 {[%emt 0:02:33]} 16. Ne4 {[%emt 0:10:05]} Nd5 {[%emt 0:01:27]} 17. Nxc5 {[%emt 0:07:36]} Nxc5 {[%emt 0:02:06]} 18. Nd4 {[%emt 0:00:34]} O-O {[%emt 0:09:59]} 19. b4 {[%emt 0:08:51]} Nd7 {[%emt 0:01:36]} 20. Bb2 {[%emt 0:06:28]} Rab8 {[%emt 0:02:49]} 21. f4 {[%emt 0:03:48]} Qb6 {[%emt 0:04:12]} 22. Kh1 {[%emt 0:00:11]} a6 {[%emt 0:01:10]} 23. f5 {[%emt 0:01:09]} exf5 {[%emt 0:00:06]} 24. Nxf5 {[%emt 0:02:54]} Qe6 {[%emt 0:09:46]} 25. Rad1 {[%emt 0:01:54]} N7b6 {[%emt 0:04:26]} 26. Qg4 {[%emt 0:01:18]} Qg6 {[%emt 0:00:33]} 27. Qf3 {[%emt 0:00:13]} Rbd8 {[%emt 0:05:10]} 28. Rd4 {[%emt 0:00:12]} Qe6 {[%emt 0:04:42]} 29. Qg4 {[%emt 0:01:10]} g6 {[%emt 0:09:42]} 30. Qg5 {[%emt 0:03:07]} Kh8 {[%emt 0:02:34]} 31. Nd6 {[%emt 0:00:44]} Rd7 {[%emt 0:01:29]} 32. Rh4 {[%emt 0:01:04]} f6 {[%emt 0:16:59]} 33. exf6 {[%emt 0:02:38]} Qe2 {[%emt 0:01:25]} 34. Rb1 {[%emt 0:00:17]} Kg8 {[%emt 0:00:35]} 35. f7+ {[%emt 0:00:21]} Rfxf7 {[%emt 0:00:17]} 36. Qxg6+ {[%emt 0:00:13]} Kf8 {[%emt 0:00:05]} 37. Qh6+ {[%emt 0:00:37]} Kg8 {[%emt 0:00:14]} 38. Nxf7 {[%emt 0:01:06]} Rxf7 {[%emt 0:00:04]} 39. Qg5+ {[%emt 0:00:09]} Kf8 {[%emt 0:00:03]} 40. h3 {[%emt 0:03:08]} Ke8 {[%emt 0:03:17]} 41. Qg8+ {[%emt 0:05:19]} Rf8 {[%emt 0:00:00]} 42. Qg3 {[%emt 0:00:44]} 1-0

[Event "SVK ECo-C Extraliga 2018-19"]
[Site "Slovakia"]
[Date "2019.04.12"]
[Round "9.6"]
[White "Bagi, Mate"]
[Black "Bures, Jaroslav"]
[Result "1/2-1/2"]
[WhiteElo "2452"]
[BlackElo "2384"]
[Annotator "TA"]
[PlyCount "145"]
[EventDate "2018.11.10"]
[EventType "team-tourn"]
[EventCountry "SVK"]
[SourceTitle "playchess.com"]
[Source "ChessBase"]
[SourceQuality "1"]
[WhiteTeam "Streda"]
[BlackTeam "Slovan"]

{[%evp 10,145,20,6,41,39,35,42,38,12,14,14,20,11,21,35,35,20,18,8,14,8,8,8,7,6,6,6,8,5,8,7,4,7,8,9,10,10,14,14,11,11,13,9,14,22,24,16,22,18,20,20,30,27,31,18,55,47,61,61,61,61,55,50,61,50,50,50,50,50,50,50,50,50,61,61,61,61,61,50,61,61,61,50,61,29,31,30,31,30,35,30,30,28,30,20,23,21,33,33,33,17,64,16,33,33,33,10,10,0,10,10,10,10,10,10,10,10,10,10,10,0,10,10,10,10,10,8,10,10,10,10,17,0,0,0,18,0]} 1. e4 c6 2. Nf3 d5 3. Nc3 Bg4 4. h3 Bxf3 5. Qxf3 Nf6 6. Be2 dxe4 {B11: Caro-Kann: Two Knights Variation} (6... e6 7. O-O Qb6 8. d3 Nbd7 9. Qf4 d4 10. Nb1 Qc5 11. Bd1 Bd6 12. Qg5 Qxg5 13. Bxg5 h6 14. Bc1 {1-0 (72) Fedoseev,V (2718)-Kasimdzhanov,R (2683) Riadh 2017}) 7. Nxe4 Nxe4 8. Qxe4 Qd5 {White is slightly better.} 9. Bf3 (9. d3 {with more complications.} e6 10. Bf4 Qxe4 11. dxe4 Nd7 12. O-O-O) 9... Qxe4+ 10. Bxe4 Nd7 11. d4 e5 $146 ({Predecessor:} 11... Nf6 12. Bf3 e6 13. O-O g6 14. c4 {0-1 (52) Rodriguez Lopez,R (2257)-Martinez Rodriguez,P (2270) Sanxenxo 2015}) 12. dxe5 Nxe5 13. Bd2 Bc5 14. O-O O-O-O 15. Rad1 g6 16. Bc3 Rhe8 17. Rxd8+ Kxd8 18. g3 f5 19. Bg2 Nd7 20. Bf3 Re6 21. Rd1 Ke7 22. Kf1 Nf6 23. a4 Ne4 24. Be1 Rd6 25. Rxd6 Kxd6 $11 {[%mdl 4096] Endgame KBB-KBN} 26. c3 Ke5 27. Bd1 f4 28. Ke2 Bf8 29. Bc2 fxg3 30. fxg3 Bh6 31. b4 Bc1 32. a5 a6 33. Bd1 Ng5 34. h4 Ne6 35. Kd3 Kf5 36. Bf3 Ke5 37. Bf2 Bh6 38. Be4 Bf8 39. Bg2 Bd6 40. Be1 Bc7 41. c4 Kd6 42. Ke4 Kd7 43. Bh3 Ke7 44. Bf1 Kd7 45. Be2 Ke7 46. Bg4 Bd6 47. h5 Bc7 48. Be2 Ng5+ 49. Ke3 Nf7 50. hxg6 hxg6 51. g4 Ke6 52. Bd2 Bh2 53. Ke4 Nd6+ 54. Kf3 Nf7 55. Bf1 Bb8 56. Ke4 Bh2 57. c5 Ke7 58. Bc4 Bg3 {The position is equal.} 59. Bf1 Kf6 60. Bc3+ Ke7 61. Kf3 Bc7 62. Ke3 Ng5 63. Bd3 Kf7 64. Bc4+ Ke7 65. Bd3 Kf7 66. Be1 Be5 67. Bc4+ Kf6 68. Bd2 Nh3 69. Ke4 Nf2+ 70. Kf3 Nh3 71. Ke4 {[#] Threatens to win with g5+!} Nf2+ 72. Kf3 Nh3 73. Ke4 {Accuracy: White = 62%, Black = 65%.} 1/2-1/2

[Event "SVK ECo-C Extraliga 2018-19"]
[Site "Slovakia"]
[Date "2019.04.12"]
[Round "9.6"]
[White "Haring, Viktor"]
[Black "Kostelny, Jozef"]
[Result "1-0"]
[WhiteElo "2287"]
[BlackElo "2220"]
[Annotator "NA"]
[PlyCount "55"]
[EventDate "2018.11.10"]
[EventType "team-tourn"]
[EventCountry "SVK"]
[SourceTitle "playchess.com"]
[Source "ChessBase"]
[SourceQuality "1"]
[WhiteTeam "Liptovska"]
[BlackTeam "Zilina"]
[TimeControl "40/5400+30:1800+30"]

1. e4 {[%emt 0:00:00]} c5 {[%emt 0:00:03]} 2. Nf3 {[%emt 0:00:03]} Nc6 {[%emt 0:00:34]} 3. d4 {[%emt 0:00:38]} cxd4 {[%emt 0:00:06]} 4. Nxd4 {[%emt 0:00:11]} Nf6 {[%emt 0:00:07]} 5. Nc3 {[%emt 0:00:12]} d6 {[%emt 0:00:13]} 6. Bg5 {[%emt 0:00:53]} e6 {[%emt 0:01:22]} 7. Qd2 {[%emt 0:00:32]} a6 {[%emt 0:00:57]} 8. O-O-O {[%emt 0:00:55]} Be7 {[%emt 0:02:59]} 9. f4 {[%emt 0:02:55]} Nxd4 {[%emt 0:03:00]} 10. Qxd4 {[%emt 0:00:18]} b5 {[%emt 0:00:30]} 11. Be2 {[%emt 0:13:35]} Rb8 {[%emt 0:07:40]} 12. e5 {[%emt 0:23:29]} dxe5 {[%emt 0:06:10]} 13. Qxe5 {[%emt 0:03:36]} Qb6 {[%emt 0:14:30]} 14. Ne4 {[%emt 0:14:59]} Nxe4 {[%emt 0:08:04]} 15. Qxe4 {[%emt 0:00:10]} f6 {[%emt 0:08:51]} 16. Bh5+ {[%emt 0:03:13]} Kf8 {[%emt 0:09:01]} 17. Bh4 {[%emt 0:01:46]} Bb7 {[%emt 0:06:11]} 18. Qe2 {[%emt 0:00:31]} Rd8 {[%emt 0:09:13]} 19. Rxd8+ {[%emt 0:02:19]} Bxd8 {[%emt 0:00:25]} 20. Bf2 {[%emt 0:01:31]} Qc7 {[%emt 0:02:11]} 21. Qxe6 {[%emt 0:02:08]} g6 {[%emt 0:00:31]} 22. Rd1 {[%emt 0:02:16]} Bc8 {[%emt 0:03:35]} 23. Qd5 {[%emt 0:10:14]} Kg7 {[%emt 0:09:00]} 24. Bf3 {[%emt 0:01:59]} Qxf4+ {[%emt 0:01:45]} 25. Kb1 {[%emt 0:00:07]} Re8 {[%emt 0:00:42]} 26. Qc6 {[%emt 0:01:21]} Bf5 {[%emt 0:04:04]} 27. Qxe8 {[%emt 0:00:30]} Qc4 {[%emt 0:00:05]} 28. Qe2 {[%emt 0:01:44]} 1-0

[Event "SVK ECo-C Extraliga 2018-19"]
[Site "Slovakia"]
[Date "2019.04.12"]
[Round "9.6"]
[White "Holtman, Teodor"]
[Black "Mikrut, Dariusz"]
[Result "1/2-1/2"]
[WhiteElo "2261"]
[BlackElo "2375"]
[Annotator "NA"]
[PlyCount "48"]
[EventDate "2018.11.10"]
[EventType "team-tourn"]
[EventCountry "SVK"]
[SourceTitle "playchess.com"]
[Source "ChessBase"]
[SourceQuality "1"]
[WhiteTeam "Snina"]
[BlackTeam "Prakovce"]
[TimeControl "40/5400+30:1800+30"]

1. e4 {[%emt 0:00:00]} c5 {[%emt 0:00:22]} 2. Nf3 {[%emt 0:00:00]} a6 {[%emt 0:00:07]} 3. Nc3 {[%emt 0:00:00]} b5 {[%emt 0:03:40]} 4. d4 {[%emt 0:00:00]} e6 {[%emt 0:00:44]} (4... cxd4 5. Nxd4 Bb7 6. Bd3 Nc6 7. Nxc6 Bxc6 8. O-O e6 9. Re1 Nf6 10. e5 b4 11. exf6 bxc3 12. fxg7 Bxg7 13. b3 Qh4 14. g3 Qd4 15. Qh5 Qd5 16. Qxd5 Bxd5 {1-0 (44) Guseinov,G (2667)-Romanov,E (2614) Hoogeveen 2018}) 5. dxc5 {[%emt 0:16:25]} Bxc5 {[%emt 0:00:18]} 6. Bd3 {[%emt 0:00:10] B28: Sicilian: 2 Nf3 a6 (O'Kelly Variation)} Bb7 {[%emt 0:00:56]} 7. O-O {[%emt 0:01:12]} d6 {[%emt 0:06:12]} 8. Qe2 {[%emt 0:01:02]} Nd7 {[%emt 0:01:46]} 9. Bd2 {[%emt 0:02:37]} Ne7 {[%emt 0:06:16]} 10. a3 {[%emt 0:02:21]} Nc6 {[%emt 0:00:27]} 11. b4 $146 {[%emt 0:02:16]} ({Predecessor:} 11. Rad1 O-O 12. Bf4 {1-0 (39) Dzhumaev,M (2557)-Drazic,S (2441) Kolkata 2013}) 11... Nd4 {[%emt 0:00:43]} 12. Nxd4 {[%emt 0:00:08]} Bxd4 {[%emt 0:00:05]} 13. a4 {[%emt 0:02:39]} bxa4 {[%emt 0:08:37]} 14. Rxa4 {[%emt 0:00:20]} O-O {[%emt 0:01:01]} 15. Rfa1 {[%emt 0:22:20]} Qf6 {[%emt 0:31:21]} 16. R1a3 {[%emt 0:01:34]} Rac8 {[%emt 0:05:06]} 17. Nd1 {[%emt 0:02:34]} Ne5 {[%emt 0:08:05]} 18. Ne3 {[%emt 0:07:18]} Nxd3 {[%emt 0:00:33]} 19. Qxd3 {[%emt 0:02:29]} Bxe3 {[%emt 0:06:53]} 20. Bxe3 {[%emt 0:01:19]} Qb2 $11 {[%emt 0:00:11]} (20... Qg6 $15 21. Rxa6 Bxa6 22. Rxa6 Rb8) 21. c4 {[%emt 0:04:51]} Bc6 {[%emt 0:04:00]} 22. Rxa6 {[%emt 0:06:51]} Qxb4 {[%emt 0:00:29]} 23. Bd2 {[%emt 0:04:14]} Qb7 {[%emt 0:01:26]} 24. Ra7 {[%emt 0:01:07]} Qb2 {[%emt 0:02:51]} 1/2-1/2

[Event "SVK ECo-C Extraliga 2018-19"]
[Site "Slovakia"]
[Date "2019.04.12"]
[Round "9.6"]
[White "Gazik, Igor"]
[Black "Kukel, Imre"]
[Result "1-0"]
[WhiteElo "2253"]
[BlackElo "2258"]
[Annotator "NA"]
[PlyCount "63"]
[EventDate "2018.11.10"]
[EventType "team-tourn"]
[EventCountry "SVK"]
[SourceTitle "playchess.com"]
[Source "ChessBase"]
[SourceQuality "1"]
[WhiteTeam "Podhajska"]
[BlackTeam "Komarno"]
[TimeControl "40/5400+30:1800+30"]

1. e4 {[%emt 0:00:09]} c5 {[%emt 0:01:22]} 2. Nc3 {[%emt 0:00:14]} Nc6 {[%emt 0:00:54]} 3. g3 {[%emt 0:00:37]} g6 {[%emt 0:03:48]} 4. Bg2 {[%emt 0:00:06]} Bg7 {[%emt 0:00:03]} 5. d3 {[%emt 0:00:06]} d6 {[%emt 0:00:03]} 6. Be3 {[%emt 0:00:17]} e5 {[%emt 0:01:16]} 7. Qd2 {[%emt 0:02:22]} Be6 {[%emt 0:10:54]} 8. Nge2 {[%emt 0:07:26]} Qd7 {[%emt 0:00:00]} 9. f4 {[%emt 0:06:45]} b6 {[%emt 0:00:00]} 10. O-O {[%emt 0:12:46]} Nge7 {[%emt 0:02:13]} 11. Rf2 {[%emt 0:04:35]} O-O {[%emt 0:04:37]} 12. Raf1 {[%emt 0:03:24]} f5 $11 {[%emt 0:01:07]} 13. Nd5 {[%emt 0:06:01]} Rab8 {[%emt 0:10:25]} 14. c3 {[%emt 0:12:12]} Rbc8 {[%emt 0:06:47]} 15. b3 {[%emt 0:04:02]} Rf7 {[%emt 0:04:27]} 16. Kh1 {[%emt 0:04:47]} Rff8 {[%emt 0:03:08]} 17. Rc1 {[%emt 0:04:57]} Rcd8 {[%emt 0:01:53]} 18. Rff1 {[%emt 0:02:04]} Kh8 {[%emt 0:01:43]} 19. a3 {[%emt 0:03:14]} Na5 {[%emt 0:03:52]} 20. Qa2 {[%emt 0:01:55]} Bxd5 {[%emt 0:05:14]} 21. exd5 {[%emt 0:00:06]} Qb5 {[%emt 0:00:16]} 22. fxe5 {[%emt 0:04:09]} dxe5 {[%emt 0:02:07]} 23. Bg5 {[%emt 0:00:08]} Bf6 {[%emt 0:00:13]} 24. Bxf6+ {[%emt 0:01:06]} Rxf6 {[%emt 0:00:04]} 25. b4 {[%emt 0:00:45]} Nb7 {[%emt 0:00:42]} 26. c4 {[%emt 0:00:49]} Qd7 {[%emt 0:00:26]} 27. Qb2 {[%emt 0:00:45]} Qd6 {[%emt 0:00:24]} 28. Rfe1 {[%emt 0:01:50]} cxb4 {[%emt 0:08:01]} 29. axb4 {[%emt 0:00:20]} a5 {[%emt 0:00:03]} 30. Nf4 {[%emt 0:09:21]} Qxb4 {[%emt 0:05:34]} 31. Qxe5 {[%emt 0:00:14]} Ng8 {[%emt 0:00:17]} 32. Qc7 {[%emt 0:00:31]} 1-0

[Event "SVK ECo-C Extraliga 2018-19"]
[Site "Slovakia"]
[Date "2019.04.12"]
[Round "9.6"]
[White "Jozefek, Michal"]
[Black "Maslik, Miroslav"]
[Result "1-0"]
[WhiteElo "2192"]
[BlackElo "2366"]
[Annotator "NA"]
[PlyCount "42"]
[EventDate "2018.11.10"]
[EventType "team-tourn"]
[EventCountry "SVK"]
[SourceTitle "playchess.com"]
[Source "ChessBase"]
[SourceQuality "1"]
[WhiteTeam "Osuske"]
[BlackTeam "Modra"]
[TimeControl "40/5400+30:1800+30"]

1. d4 {[%emt 0:00:00]} Nf6 {[%emt 0:00:00]} 2. c4 {[%emt 0:00:00]} g6 {[%emt 0:00:00]} 3. Nc3 {[%emt 0:00:00]} d5 {[%emt 0:00:00]} 4. cxd5 {[%emt 0:00:03]} Nxd5 {[%emt 0:00:00]} 5. e4 {[%emt 0:00:07]} Nxc3 {[%emt 0:00:00]} 6. bxc3 {[%emt 0:00:06]} Bg7 {[%emt 0:00:00]} 7. Bc4 {[%emt 0:00:08]} c5 {[%emt 0:00:26]} 8. Ne2 {[%emt 0:00:22]} O-O {[%emt 0:00:28]} 9. Be3 {[%emt 0:00:07]} Nc6 {[%emt 0:00:56]} 10. Rc1 {[%emt 0:01:48]} b6 {[%emt 0:09:44]} 11. h4 {[%emt 0:12:59]} cxd4 {[%emt 0:06:14]} 12. cxd4 {[%emt 0:00:12]} Bb7 {[%emt 0:03:07]} 13. h5 {[%emt 0:03:53]} Na5 {[%emt 0:11:43]} 14. hxg6 {[%emt 0:06:43]} hxg6 {[%emt 0:01:12]} 15. Bd3 {[%emt 0:00:32]} Rc8 {[%emt 0:05:29]} 16. Rxc8 {[%emt 0:05:13]} Qxc8 {[%emt 0:00:04]} 17. Qd2 {[%emt 0:01:12]} Qg4 {[%emt 0:15:12]} 18. Bh6 {[%emt 0:21:54]} Qxg2 {[%emt 0:02:43]} 19. Ng3 {[%emt 0:03:40]} Bf6 {[%emt 0:26:56]} 20. Bxf8 {[%emt 0:05:48]} Kxf8 {[%emt 0:00:09]} 21. Qe3 {[%emt 0:05:03]} Nc6 {[%emt 0:04:08]} 1-0

[Event "SVK ECo-C Extraliga 2018-19"]
[Site "Slovakia"]
[Date "2019.04.12"]
[Round "9.7"]
[White "Jacko, Vladimir"]
[Black "Pcola, Pavol"]
[Result "0-1"]
[WhiteElo "2322"]
[BlackElo "2382"]
[Annotator "NA"]
[PlyCount "50"]
[EventDate "2018.11.10"]
[EventType "team-tourn"]
[EventCountry "SVK"]
[SourceTitle "playchess.com"]
[Source "ChessBase"]
[SourceQuality "1"]
[WhiteTeam "Prakovce"]
[BlackTeam "Snina"]
[TimeControl "40/5400+30:1800+30"]

1. Nf3 {[%emt 0:00:00]} d5 {[%emt 0:00:00]} 2. g3 {[%emt 0:01:14]} Nf6 {[%emt 0:00:00]} 3. Bg2 {[%emt 0:00:13]} c6 {[%emt 0:00:35]} 4. O-O {[%emt 0:01:42]} Bf5 {[%emt 0:00:18]} 5. d3 {[%emt 0:02:50]} h6 {[%emt 0:00:10]} 6. Nbd2 {[%emt 0:01:04]} e6 {[%emt 0:01:19]} 7. Re1 {[%emt 0:01:23]} Be7 {[%emt 0:00:11]} 8. b3 {[%emt 0:01:34]} O-O {[%emt 0:01:55]} 9. Bb2 {[%emt 0:00:08]} Nbd7 {[%emt 0:02:50]} 10. c4 {[%emt 0:05:51]} Bh7 {[%emt 0:02:34]} 11. a3 {[%emt 0:04:12]} a5 {[%emt 0:03:01]} 12. Qc2 {[%emt 0:17:49]} Qb8 {[%emt 0:15:35]} 13. Bc3 {[%emt 0:07:02]} b5 {[%emt 0:03:15]} 14. cxb5 {[%emt 0:01:36]} cxb5 {[%emt 0:00:17]} 15. b4 {[%emt 0:03:07]} Rc8 {[%emt 0:03:24]} 16. Qb3 {[%emt 0:02:16]} axb4 {[%emt 0:04:41]} 17. Bxb4 {[%emt 0:04:10]} Bc5 {[%emt 0:02:39]} 18. Qb2 {[%emt 0:04:22]} Qb6 {[%emt 0:10:10]} 19. Bxc5 {[%emt 0:14:28]} Nxc5 {[%emt 0:00:46]} 20. Rab1 {[%emt 0:01:15]} Bxd3 {[%emt 0:07:09]} 21. Rbc1 {[%emt 0:09:35]} Bh7 {[%emt 0:01:41]} 22. Ne5 {[%emt 0:02:43]} Qa5 {[%emt 0:10:41]} 23. Nb3 {[%emt 0:06:11]} Nxb3 {[%emt 0:05:12]} 24. Qxb3 {[%emt 0:00:01]} Qd2 {[%emt 0:04:53]} 25. Rb1 {[%emt 0:01:43]} Bxb1 0-1

[Event "SVK ECo-C Extraliga 2018-19"]
[Site "Slovakia"]
[Date "2019.04.12"]
[Round "9.7"]
[White "Schwarz, Dusan"]
[Black "Spacek, Oliver"]
[Result "1-0"]
[WhiteElo "2314"]
[BlackElo "2195"]
[Annotator "NA"]
[PlyCount "49"]
[EventDate "2018.11.10"]
[EventType "team-tourn"]
[EventCountry "SVK"]
[SourceTitle "playchess.com"]
[Source "ChessBase"]
[SourceQuality "1"]
[WhiteTeam "Modra"]
[BlackTeam "Osuske"]
[TimeControl "40/5400+30:1800+30"]

1. d4 {[%emt 0:00:00]} Nf6 {[%emt 0:00:00]} 2. c4 {[%emt 0:00:00]} c5 {[%emt 0:00:47]} 3. d5 {[%emt 0:00:00]} g6 {[%emt 0:02:25]} 4. Nc3 {[%emt 0:00:22]} d6 {[%emt 0:00:26]} 5. e4 {[%emt 0:00:28]} Bg7 {[%emt 0:00:06]} 6. Bd3 {[%emt 0:02:26]} O-O {[%emt 0:04:29]} 7. Nge2 {[%emt 0:06:05]} e5 {[%emt 0:07:57]} 8. h3 {[%emt 0:03:45]} a6 {[%emt 0:07:51]} 9. Be3 {[%emt 0:05:43]} Qa5 {[%emt 0:04:25]} 10. Qd2 {[%emt 0:02:04]} Nbd7 {[%emt 0:03:17]} 11. O-O {[%emt 0:08:04]} b5 {[%emt 0:02:41]} 12. cxb5 {[%emt 0:21:17]} axb5 {[%emt 0:00:22]} 13. Bxb5 {[%emt 0:01:26]} Ba6 {[%emt 0:02:29]} 14. Bxa6 {[%emt 0:02:57]} Rxa6 {[%emt 0:02:26]} 15. Rab1 {[%emt 0:07:25]} Rb8 {[%emt 0:16:15]} 16. b3 {[%emt 0:01:55]} Rb4 {[%emt 0:05:26]} 17. f3 {[%emt 0:00:36]} h5 {[%emt 0:09:15]} 18. a4 {[%emt 0:06:16]} Ne8 {[%emt 0:06:08]} 19. Nb5 {[%emt 0:03:12]} c4 {[%emt 0:04:29]} 20. bxc4 {[%emt 0:02:15]} Rxc4 {[%emt 0:00:31]} 21. Qxa5 {[%emt 0:01:10]} Rxa5 {[%emt 0:00:01]} 22. Nbc3 {[%emt 0:01:54]} Nc5 {[%emt 0:04:31]} 23. Rb8 {[%emt 0:01:46]} Kf8 {[%emt 0:00:54]} 24. Nb5 {[%emt 0:00:42]} Ke7 {[%emt 0:00:46]} 25. Rxe8+ {[%emt 0:00:17]} 1-0

[Event "SVK ECo-C Extraliga 2018-19"]
[Site "Slovakia"]
[Date "2019.04.12"]
[Round "9.7"]
[White "Petran, Peter"]
[Black "Czebe, Attila"]
[Result "0-1"]
[WhiteElo "2242"]
[BlackElo "2400"]
[Annotator "NA"]
[PlyCount "130"]
[EventDate "2018.11.10"]
[EventType "team-tourn"]
[EventCountry "SVK"]
[SourceTitle "playchess.com"]
[Source "ChessBase"]
[SourceQuality "1"]
[WhiteTeam "Slovan"]
[BlackTeam "Streda"]
[TimeControl "40/5400+30:1800+30"]

1. Nf3 {[%emt 0:00:00]} b6 {[%emt 0:00:00]} 2. e4 {[%emt 0:00:17]} Bb7 {[%emt 0:00:00]} 3. Nc3 {[%emt 0:00:14]} e6 {[%emt 0:04:17]} 4. d4 {[%emt 0:04:51]} Bb4 {[%emt 0:01:48]} 5. Bd3 {[%emt 0:00:19]} Nf6 {[%emt 0:00:25]} 6. Qe2 {[%emt 0:01:22]} d5 {[%emt 0:02:14]} 7. exd5 {[%emt 0:00:46]} Qxd5 {[%emt 0:01:30]} 8. Bd2 {[%emt 0:04:34] B00: Queen's Fianchetto Defence, Nimzowitsch Defence} (8. O-O Bxc3 9. bxc3 Nbd7 10. c4 Qh5 11. Bf4 Rc8 12. a4 a5 13. Rab1 O-O 14. Rb5 c5 15. dxc5 Rxc5 {0-1 (29) Eljanov,P (2734)-Carlsen,M (2827) Douglas 2017}) 8... Bxc3 {[%emt 0:02:49]} 9. Bxc3 {[%emt 0:02:14]} O-O {[%emt 0:01:22]} 10. Bb4 {[%emt 0:04:33]} Re8 {[%emt 0:03:43]} 11. c4 {[%emt 0:11:50]} Qh5 {[%emt 0:01:38]} 12. O-O-O {[%emt 0:02:04]} Bxf3 $146 {[%emt 0:00:38]} ({Predecessor:} 12... Na6 13. Bc3 Nd7 14. h3 c5 15. Be4 Bxe4 16. Qxe4 cxd4 17. Qxd4 Ndc5 18. Qxg7# {1-0 (18) Simon,M (1907)-Mueller,L (1591) Nuremberg 2011}) 13. gxf3 {[%emt 0:00:35]} Nc6 {[%emt 0:00:19]} 14. Bc3 {[%emt 0:00:15]} e5 {[%emt 0:01:24]} 15. d5 {[%emt 0:04:16]} Nd4 {[%emt 0:00:25]} 16. Qe3 {[%emt 0:00:30]} Nd7 {[%emt 0:11:32]} 17. f4 {[%emt 0:05:13]} Nc5 {[%emt 0:02:06]} 18. Bxd4 {[%emt 0:06:34]} exd4 {[%emt 0:01:47]} 19. Qxd4 {[%emt 0:00:10]} Rad8 {[%emt 0:04:52]} 20. Rhg1 {[%emt 0:07:17]} Qh6 {[%emt 0:00:21]} 21. Rg4 {[%emt 0:08:25]} c6 {[%emt 0:07:13]} 22. Bc2 {[%emt 0:03:28]} cxd5 {[%emt 0:02:09]} 23. cxd5 {[%emt 0:01:09]} g6 {[%emt 0:04:29]} 24. Kb1 {[%emt 0:04:22]} Qh5 $2 {[%emt 0:08:43]} (24... Qxh2 $11 {and Black stays safe.} 25. b4 Nd7) 25. f5 {[%emt 0:06:09]} Rxd5 {[%emt 0:00:37]} 26. Rxg6+ {[%emt 0:00:31]} hxg6 {[%emt 0:08:10]} 27. Qxd5 $18 {[%emt 0:00:08]} g5 {[%emt 0:01:28]} 28. b4 {[%emt 0:03:22]} Ne4 {[%emt 0:00:42]} 29. Bxe4 {[%emt 0:04:36]} Rxe4 {[%emt 0:00:04]} 30. Qxe4 {[%emt 0:08:32]} Qxd1+ {[%emt 0:00:03]} 31. Kb2 {[%emt 0:00:05]} Qd2+ {[%emt 0:00:07]} 32. Kb3 {[%emt 0:00:17]} Qxf2 {[%emt 0:00:22]} 33. Qe8+ {[%emt 0:00:21]} Kg7 {[%emt 0:00:08]} 34. Qe5+ {[%emt 0:00:11]} Kh7 {[%emt 0:00:21]} 35. Qf6 {[%emt 0:03:11]} Qe3+ {[%emt 0:00:01]} 36. Kc2 {[%emt 0:02:14]} Kg8 {[%emt 0:00:20]} 37. h3 {[%emt 0:01:22]} b5 {[%emt 0:01:31]} 38. a3 {[%emt 0:00:30]} Qf2+ {[%emt 0:02:31]} 39. Kb1 {[%emt 0:00:29]} Qd2 {[%emt 0:00:53]} 40. Ka1 {[%emt 0:00:50]} Qc1+ {[%emt 0:02:23]} 41. Ka2 {[%emt 0:30:03]} a6 42. Qd8+ {[%emt 0:00:00]} Kg7 {[%emt 0:11:03]} 43. Qd4+ {[%emt 0:00:00]} f6 {[%emt 0:00:18]} 44. Qd7+ {[%emt 0:00:00]} Kh6 {[%emt 0:00:20]} 45. Qe6 {[%emt 0:00:00]} Qc2+ {[%emt 0:01:34]} 46. Ka1 {[%emt 0:00:00]} Qc3+ {[%emt 0:00:12]} 47. Ka2 {[%emt 0:00:00]} Qe5 {[%emt 0:05:54]} 48. Qc8 Qd5+ {[%emt 0:03:43]} 49. Kb2 {[%emt 0:00:00]} Qe5+ {[%emt 0:00:30]} 50. Ka2 {[%emt 0:00:00]} Kg7 51. Qd7+ {[%emt 0:00:00]} Kf8 {[%emt 0:01:00]} 52. Qd8+ {[%emt 0:00:00]} Kf7 {[%emt 0:00:09]} 53. Qd7+ Qe7 {[%emt 0:00:05]} 54. Qc8 {[%emt 0:00:00]} Kg7 {[%emt 0:02:50]} 55. Qc2 {[%emt 0:00:00]} Qd7 {[%emt 0:02:46]} 56. Qe4 {[%emt 0:00:34]} Kh6 {[%emt 0:03:04]} 57. Qg4 {[%emt 0:03:44]} Qd2+ {[%emt 0:02:05]} 58. Kb1 {[%emt 0:00:17]} Qc3 {[%emt 0:00:53]} 59. Ka2 {[%emt 0:00:33]} Qc2+ {[%emt 0:00:09]} 60. Ka1 {[%emt 0:00:01]} Qb3 {[%emt 0:00:04]} 61. h4 {[%emt 0:04:34]} Qxa3+ {[%emt 0:00:09]} 62. Kb1 {[%emt 0:00:01]} Qd3+ {[%emt 0:00:43]} 63. Kb2 {[%emt 0:01:28]} Qd2+ {[%emt 0:00:03]} 64. Kb3 {[%emt 0:00:15]} Qe3+ {[%emt 0:00:03]} 65. Kc2 {[%emt 0:01:10]} Qf2+ {[%emt 0:00:04]} 0-1